000 00480nam a2200169Ia 4500
999 _c35347
_d35347
003 OSt
005 20211106103234.0
008 190216s9999||||xx |||||||||||||| ||und||
040 _coclc
082 _a428
_bQUI/U
100 _aQuirk, Randolph
_96649
245 4 _aThe Use Of English /
_cRandolph Quirk
260 _bThe English Language Book Society,
_c1977.
300 _a370p
650 _aGeneral Libraries
942 _cBK
_2ddc
_h428
_iQUI/U
_k428
_mQUI/U